000 00410nam a2200181Ia 4500
001 1468
005 20260306143730.0
008 260306t2001||||xx |||||||||||||| ||spa||
041 _aESP
082 _a150.195
_bA62P
100 _aAnzieu, Didier
_eAUT
245 0 _aPsicoanalizar
260 _c2001
300 _a357 páginas :
_c21 x 15 cm.
650 _aGEN
654 _aCPS
942 _cLIB
_dJUS
_fJUS
_2ddc
_n
999 _c1468
_d1468